How Well Do You Know Seventeen? - Statistics

General Stats
  • This quiz has been taken 3,418 times
  • The average score is 9 of 15
Answer Stats
Hint Answer % Correct
How many members? 13
100%
How many units are in SVT? 3
99%
Fandom name carat
99%
Leader of SVT Scoups
99%
Maknae Dino
92%
Debut song? Adore U
70%
Which 2 members are from the USA? Joshua and Vernon
64%
Which 2 members are from China? Jun and The8
63%
Gag trio name? Booseoksoon
57%
SVT's first win was with what song? Pretty U
56%
Debut song in Japan? (2018) CALL CALL CALL
32%
Debut date? (dd/mm/yy) 26/05/2015
19%
Recent album? (2018) Director's Cut
16%
Name of SVT's reality show before they debuted? Seventeen Project
13%
Date of first win? (dd/mm/yy) 04/05/2016
10%
No matching quizzes found
Score Distribution
Percent of People with Each Score
Percentile by Number Answered
Your Score History
You have not taken this quiz